000
00318nam a22001457a 4500
008
221214b ||||| |||| 00| 0 eng d
020
_a
9780766838369
041
_a
eng
080
_a
610.73
082
_a
610.73DAN
100
_a
8
101
_a
INF
245
_a
NURSING FUNDAMENTALS
_c
DANIELS R
942
_2
udc
_c
BK
999
_c
59186
_d
59186